000 00391nam a2200169Ia 4500
001 28435
003 IN-NITTTR
005 20251114233351.0
008 251113s9999||||xx |||||||||||||| ||eng||
040 _beng
040 _cIN-NITTTR
041 _aeng
082 _a613 J199C
100 _aJain, C.S.
245 2 _aA complete book on health and nutrition /
_cJain, C.S.
942 _2ddc
_cBK
999 _c31063
_d31063